Petit Bac - Pokémons de la 5ème Generation - Statistiques

Statistiques générales
  • Ce quiz a été pris 83 fois
  • Le résultat moyen est 19 sur 21
Statistiques - réponses
Lettre Pokemon % Correct
Z (5) Zébibron | Zéblitz | Zorua | Zoroark | Zekrom
99%
M (21) Majaspic | Moustillon | Mateloutre | Miradar | Mastouffe | Munna | Mushana | Minotaupe | Manternel | Mascaïman | Maracachi | Mégapagos | Miamiasme | Miasmax | Mesmérella | Méios | Moyade | Mamambo | Mygavolt | Mélancolux | Meloetta
97%
R (5) Roitiflam | Ratentif | Rhinolove | Rototaupe | Reshiram
97%
V (8) Victini | Vipelière | Venipatte | Vivaldaim | Viskuse | Vostourno | Vaututrice | Viridium
97%
C (19) Clamiral | Chacripan | Colombeau | Chovsourir | Charpenti | Crapustule | Couverdure | Chlorobule | Crocorible | Crabicoque | Crabaraque | Cryptero | Carapagos | Chinchidou | Couaneton | Carabing | Clic | Cliticlic | Coupenotte | Cobaltium
96%
G (10) Gruikui | Grotichon | Géolithe | Gigalithe | Gaulet | Grindur | Gringolem | Golemastoc | Guériaigle | Genesect
96%
L (10) Lianaja | Léopardus | Larveyette | Lakmécygne | Lançargot | Lampéroie | Lewsor | Lugulabre | Limaspeed | Limonde
96%
K (4) Karaclée | Kungfouine | Kyurem | Keldeo
94%
B (7) Bétochef | Batracné | Brutapode | Bargantua | Baggiguane | Baggaïd | Boréas
93%
F (13) Feuillajou | Feuiloutan | Flamajou | Flamoutan | Flotajou | Flotoutan | Farfaduvet | Fragilady | Funécire | Frison | Furaiglon | Fermite | Fulguris
93%
T (8) Tritonde | Tutafeh | Tutankafer | Trompignon | Tic | Tranchodon | Trioxhydre | Terrakium
91%
D (7) Déflaisan | Doudouvet | Darumarond | Darumacho | Drakkarmin | Diamat | Déméteros
90%
S (12) Scobolide | Scrutella | Sidérella | Symbios | Sorbébé | Sorboul | Sorbouboul | Statitik | Shaofouine | Scalpion | Scalproie | Solochi
90%
A (4) Arkéapti | Aéroptéryx | Anchwatt | Afflamanoir
87%
P (8) Ponchiot | Ponchien | Poichigeon | Pashmilla | Polarhume | Polagriffe | Pyronille | Pyrax
86%
N (5) Nodulithe | Nanméouïe | Nucléos | Noacier | Neitram
81%
O (2) Ouvrifier | Ohmassacre
80%
E (3) Escroco | Emolga | Escargaume
78%
I (1) Incisache
77%
J (1) Judokrak
70%
H (2) Haydaim | Hexagel
68%
Aucun quiz correspondant
Distribution des résultats
% des personnes avec chaque résultat
Percentile par nombre de réponses
Votre historique - résultats
Vous n’avez pas pris ce quiz